Văn hóa ẩm thực của dân tộc Thái trong truyện thơ Xống Chụ Xon Xao và ca dao Nghệ Tĩnh
Khái quát chung. Ẩm thực của dân tộc Thái trong truyện thơ Xống chụ xon xao và ca dao Nghệ Tĩnh. Đặc trưng văn hóa ẩm thực của dân tộc Thái.
Na minha lista:
| Autor principal: | |
|---|---|
| Outros Autores: | |
| Formato: | Livro |
| Idioma: | Vietnamese |
| Publicado em: |
Đại học Đà Nẵng
Trường Đại học Sư phạm
2009
|
| coleção: | Khóa luận tốt nghiệp Đại học. Chuyên ngành: Ngành Sư phạm Ngữ văn
|
| Assuntos: | |
| Tags: |
Adicionar Tag
Sem tags, seja o primeiro a adicionar uma tag!
|
| Thư viện lưu trữ: | Mạng thư viện Đại học Đà Nẵng |
|---|
| LEADER | 01312nam a2200325 4500 | ||
|---|---|---|---|
| 001 | 000011003 | ||
| 003 | 7231 | ||
| 005 | 20120109090154.0 | ||
| 008 | 120109s2009 viesd | ||
| 041 | |a vie | ||
| 072 | |a Khóa luận tốt nghiệp | ||
| 082 | |a 895.9221 |b LA-T | ||
| 100 | 1 | |a Lang, Thị Thanh Thủy | |
| 245 | 1 | |a Văn hóa ẩm thực của dân tộc Thái trong truyện thơ Xống Chụ Xon Xao và ca dao Nghệ Tĩnh |c Lang, Thị Thanh Thủy | |
| 260 | |a Đại học Đà Nẵng |b Trường Đại học Sư phạm |c 2009 | ||
| 300 | |a 58 tr. |b ảnh m.họa |c 29 cm | ||
| 490 | |a Khóa luận tốt nghiệp Đại học. Chuyên ngành: Ngành Sư phạm Ngữ văn | ||
| 500 | |a Phụ lục, Tham khảo [5 tr.] | ||
| 520 | |a Khái quát chung. Ẩm thực của dân tộc Thái trong truyện thơ Xống chụ xon xao và ca dao Nghệ Tĩnh. Đặc trưng văn hóa ẩm thực của dân tộc Thái. | ||
| 653 | |a Khoa Ngữ văn | ||
| 653 | |a Khóa luận tốt nghiệp Đại học | ||
| 700 | 1 | |a Lê, Đức Luận |c TS |e Hướng dẫn | |
| OWN | |a LSP | ||
| 999 | |a From the UDN01 | ||
| TYP | |a Monograph | ||
| TYP | |a Printed language | ||
| 980 | |a Mạng thư viện Đại học Đà Nẵng | ||